| 000 | 00959nas a2200301 4500 | ||
|---|---|---|---|
| 001 | BR0403955 | ||
| 003 | BR-BrBNA | ||
| 005 | 20231205104746.0 | ||
| 007 | ta | ||
| 008 | 230509b bl.|||p| |||| 00| 00por d | ||
| 040 |
_aBR-BrBNA _bpor _cBiblioteca Nacional de Agricultura |
||
| 041 | _a(Pt) | ||
| 072 | _aF03 | ||
| 100 | 1 | _aRamos, M.B. | |
| 100 | 1 | _aVarela, V.P. | |
| 245 | 1 | _aEfeito da temperatura e do substrato sobre a germinação de sementes de visgueiro do Igapó (Parkia discolor Benth)Leguminosae, Mimosoideae | |
| 650 | _aPLANTA ORNAMENTAL | ||
| 650 | _aLEGUMINOSAE | ||
| 650 | _aMIMOSOIDEAE | ||
| 650 | _aGERMINAÇÃO | ||
| 650 | _aTEMPERATURA | ||
| 650 | _aSUBSTRATO DE CULTURA | ||
| 650 | _aRESPOSTA DA PLANTA | ||
| 650 | _aSILVICULTURA | ||
| 773 | 0 |
_tRevista de Ciências Agrárias (Brazil) _xISSN 1517-591X _g(Jan-Jun 2003), (no. 39) p. 135-143 _wBR0403955 |
|
| 909 |
_a202311 _bLúcia _c55 _dLúcia Elande |
||
| 942 |
_2AGRIS _n0 _cANA |
||
| 999 |
_c179567 _d179567 |
||